Die größten Städte mit H - Statistiken

Allgemein
  • Dieses Quiz wurde 266 mal gespielt
  • Das Durchschnittsergebnis liegt bei 11 aus 30
Antwortstatistiken
Einwohner Antwort Land % Korrekt
2.700.000 Hamburg Deutschland
97%
7.000.000 Hanoi Vietnam
92%
1.500.000 Helsinki Finnland
84%
2.200.000 Havanna Kuba
83%
7.300.000 Hongkong China (Autonomes Gebiet)
82%
7.050.000 Houston USA
82%
1.100.000 Hannover Deutschland
78%
13.500.000 Ho Chi Minh Stadt Vietnam
70%
2.600.000 Harare Simbabwe
59%
1.900.000 Hiroshima Japan
52%
11.000.000 Hyderabad Indien
43%
2.400.000 Hyderabad Pakistan (gleichnamig Platz 3)
43%
13.300.000 Hangzhou China
29%
1.420.000 Hài Phòng Vietnam
28%
1.000.000 Honolulu USA
24%
5.400.000 Harbin China
23%
7.500.000 Hefei China
21%
1.340.000 Harrisburg USA
16%
1.680.000 Hartford USA
12%
2.625.000 Hohhot China
10%
2.575.000 Haikou China
9%
1.310.000 Hammamatsu Japan
9%
2.500.000 Handan China
9%
1.870.000 Huai'an China
5%
1.220.000 Hengyang China
4%
1.440.000 Heze China
4%
1.860.000 Huainan China
4%
1.200.000 Hubli-Dhārwār Indien
4%
1.630.000 Huzhou China
4%
1.020.000 Húlúdâo China
0%
Keine übereinstimmenden Quizze gefunden
Verteilung der Resultate
Anzahl Personen mit jedem Resultat
Perzentil nach korrekt beantworteten Fragen
Ihre Resultats-Entwicklung
Sie haben dieses Quiz noch nicht gespielt